History Quiz

Random History or Quote Quiz

That's What 'H' Said Quiz Stats

 Plays Quiz Updated Jun 2, 2016

Challenge
Share
Tweet
Embed
Score 0/20 Timer 08:00
2 Plays Today
% Correct
The largest untapped reservoir of talent in the world.
92.2%
Were Freud and Darwin.
92%
Yet even at those odds, you will lose and I will win.
91.8%
Dies in earnest.
89.8%
Hasn't begun to paint what slavery is as I have seen it at the far South.
89.6%
People won't care if I am green or have three heads.
88.8%
We should find in each man's life sorrow and suffering enough to disarm all hostility.
88.2%
To accomplish the incredible if their ideals are threatened.
88%
No substitute for judgment.
87.4%
To leave the country in far worse shape than it was when we first came into it.
85.6%
% Correct
For if they did, I believe there would be a revolution before tomorrow morning.
85%
Communication is permitted to flow, free and open, across international boundaries.
84%
The most important ally on the road to German unity.
82%
Only in so far as we need them as slaves for our culture.
78%
That transports you across thousands of miles and all the years you have lived.
77.1%
Like that of 'free thought' run to seed.
74.7%
All goes on as before, as always. Illusions, illusions.
72.7%
That terrorism is an alien phenomenon, strange to our values and heritage.
72.7%
And the White House will be adorned by a downright moron.
72.4%
That foreign policy is a subdivision of psychiatry.
46.4%

You're not logged in!

Compare scores with friends on all Sporcle quizzes.
OR
Log In

You Might Also Like...

Show Comments

Extras

Top Quizzes Today


Score Distribution

Your Account Isn't Verified!

In order to create a playlist on Sporcle, you need to verify the email address you used during registration. Go to your Sporcle Settings to finish the process.

Report this User

Report this user for behavior that violates our Community Guidelines.

Details: